00435nam a2200157Ia 450000500170000000800410001702000180005804100120007608200150008810000150010324500670011825000080018526000460019350000080023965000300024720240823013034.0240823s9999||||xx |||||||||||||| ||und|| a81-224-0073-6 aENGLISH A621.317 P3 aWadhwa C L 0a"Generation,Distribution and Utilization of Electrical Energy" a1st c2003bNew Age International (PaNew Delhi aYES aEnergy SourcebElectrical